Statistics for Common Element/Symbol List

Click here to take the quiz!

General Stats

  • This quiz has been taken 10 times
  • The average score is 54 of 60

Answer Stats

HintAnswer% Correct
SilverAg
100%
AluminumAl
100%
ArgonAr
100%
ArsenicAs
100%
GoldAu
100%
BoronB
100%
CarbonC
100%
ChlorineCl
100%
FluorineF
100%
IronFe
100%
HydrogenH
100%
IodineI
100%
PotassiumK
100%
NitrogenN
100%
OxygenO
100%
PhosphorousP
100%
RadiumRa
100%
RubidiumRb
100%
SulfurS
100%
ScandiumSc
100%
SeleniumSe
100%
SiliconSi
100%
StrontiumSr
100%
UraniumU
100%
VanadiumV
100%
TungstenW
100%
YttriumY
100%
BariumBa
83%
BerylliumBe
83%
BismuthBi
83%
BromineBr
83%
CalciumCa
83%
CadmiumCd
83%
CobaltCo
83%
ChromiumCr
83%
CesiumCs
83%
CopperCu
83%
GalliumGa
83%
GermaniumGe
83%
HeliumHe
83%
MercuryHg
83%
KryptonKr
83%
LithiumLi
83%
MagnesiumMg
83%
ManganeseMn
83%
SodiumNa
83%
NeonNe
83%
NickelNi
83%
LeadPb
83%
PalladiumPd
83%
PlatinumPl
83%
RadonRn
83%
AntimonySb
83%
TinSn
83%
TelluriumTe
83%
TitaniumTi
83%
ThalliumTl
83%
XenonXe
83%
ZincZn
83%
ZirconiumZr
67%

Score Distribution

Percentile by Number Answered

Percent of People with Each Score

Your Score History

You have not taken this quiz